Jaisalmer : art architecture & tourism (Record no. 5575)

MARC details
000 -LEADER
fixed length control field 00459 a2200169 4500
001 - CONTROL NUMBER
control field 131035
003 - CONTROL NUMBER IDENTIFIER
control field OSt
005 - DATE AND TIME OF LATEST TRANSACTION
control field 20210907103129.0
008 - FIXED-LENGTH DATA ELEMENTS--GENERAL INFORMATION
fixed length control field
082 ## - DEWEY DECIMAL CLASSIFICATION NUMBER
Classification number 709.544
Item number S64J
100 1# - MAIN ENTRY--PERSONAL NAME
Personal name Singh, Ranbir
245 1# - TITLE STATEMENT
Title Jaisalmer : art architecture & tourism
Statement of responsibility, etc by Ranbir Singh
260 ## - PUBLICATION, DISTRIBUTION, ETC. (IMPRINT)
Place of publication, distribution, etc Gurgaon
Name of publisher, distributor, etc Subhi publication
Date of publication, distribution, etc 2008
300 ## - PHYSICAL DESCRIPTION
Extent 136p.
690 ## - LOCAL SUBJECT ADDED ENTRY--TOPICAL TERM (OCLC, RLIN)
Topical term or geographic name as entry element Architecture; Art; Jaisalmer-Rajasthan; India
942 ## - ADDED ENTRY ELEMENTS (KOHA)
Source of classification or shelving scheme Dewey Decimal Classification
Koha item type Books
Holdings
Withdrawn status Lost status Source of classification or shelving scheme Damaged status Not for loan Collection code Home library Current library Date acquired Source of acquisition Cost, normal purchase price Total Checkouts Full call number Barcode Date last seen Date checked out Price effective from Koha item type
    Dewey Decimal Classification     General Text Book Central University Of Rajasthan Central University Of Rajasthan 08/06/2012 ARC 1975.00 1 709.544 S64J 7109 21/11/2024 01/03/2024 02/09/2020 Books